LEADER 03600nam 2200589 450 001 9910133544303321 005 20230621141502.0 010 $a2-7226-0233-4 024 7 $a10.4000/books.cdf.2209 035 $a(CKB)3390000000053770 035 $a(SSID)ssj0001541837 035 $a(PQKBManifestationID)11869395 035 $a(PQKBTitleCode)TC0001541837 035 $a(PQKBWorkID)11535578 035 $a(PQKB)10504483 035 $a(WaSeSS)IndRDA00045828 035 $a(FrMaCLE)OB-cdf-2209 035 $a(oapen)https://directory.doabooks.org/handle/20.500.12854/55938 035 $a(PPN)267951469 035 $a(EXLCZ)993390000000053770 100 $a20160829d2013 uy | 101 0 $afre 135 $aur||#|||||||| 181 $ctxt$2rdacontent 182 $cc$2rdamedia 183 $acr$2rdacarrier 200 13$aLa pensée-signe $eétudes sur C. S. Peirce /$fClaudine Tiercelin 210 $cCollège de France$d2013 210 31$aFrance :$cCollège de France,$d2013 215 $a1 online resource (100 pages) $cdigital, PDF file(s) 225 0 $aPhilosophie de la Connaissance 300 $aBibliographic Level Mode of Issuance: Monograph 320 $aIncludes bibliographical references. 327 $aIntroduction -- Peirce ou la philosophie comme science -- Chapitre 1. Pour une analyse logique des produits de la pensée -- Chapitre 2. La critique de l?intuition -- Chapitre 3. Le vague de la sensation -- Chapitre 4. Un nouveau modèle du mental : pensée-signe et machines logiques -- Chapitre 5. La sémiotique du vague -- Conclusion -- Croyances, raison et normes -- Bibliographie. 330 $aFounder of American pragmatism, Charles Sanders Peirce (1839-1914) is considered the logician of this movement. He was however, just as much as William James, a great psychologist, working on the development of nascent experimental psychology, trying above all to think about the possible links between logic, psychology and metaphysics, by the elaboration of a "logical analysis of products of thought ?, inspired by Kantianism and medieval times (Ockam and Duns Scotus). A determined anti-psychologist and yet favourable to the taking into account of certain facts of psychology, anxious to extend formal logic to its philosophical (or semiotic) dimension, Peirce wanted to build a new model of the mind, which would extend to d 'other forms of intelligence than human thought, by a formal use of signs which nevertheless remains attentive to their irreducible wave. By presenting the main axes of this project - criticism of intuition and internalism, wave of sensation, theory of thought-sign, semiotics of the wave, reflections on logical machines, intentionality and mental images, normative conceptions of rationality and beliefs - these studies aim to reveal the originality and fruitfulness of Peircian ideas in philosophy of mind, and to show the coherence of this philosophical project close in many respects to the third path indicated by Kant in his deduction from categories, that of a ?system of preformation of pure reason?. 606 $aPhilosophy & Religion$2HILCC 606 $aPhilosophy$2HILCC 610 $avague 610 $aconnaissance 610 $apragmatisme 610 $alogique 610 $asémiotique 610 $asignification 615 7$aPhilosophy & Religion 615 7$aPhilosophy 700 $aTiercelin$b Claudine$f1952-$0802319 801 0$bPQKB 801 2$bUkMaJRU 906 $aBOOK 912 $a9910133544303321 996 $aPensée-signe$91803597 997 $aUNINA LEADER 03459nam 22004213 450 001 9910765441503321 005 20220408080209.0 010 $a965-406-754-4 035 $a(MiAaPQ)EBC6946378 035 $a(Au-PeEL)EBL6946378 035 $a(CKB)21469059200041 035 $a(OCoLC)1310338923 035 $a(EXLCZ)9921469059200041 100 $a20220408d2022 uy 0 101 0 $aeng 135 $aurcnu|||||||| 181 $ctxt$2rdacontent 182 $cc$2rdamedia 183 $acr$2rdacarrier 200 14$aThe Kathisma Church and Monastery of Mary Theotokos on the Jerusalem - Bethlehem Road $eFinal Report of the 1992, 1997, 1999 and 2000 Excavation Seasons 210 1$aJerusalem :$cIsrael Antiquities Authority,$d2022. 210 4$d©2022. 215 $a1 online resource (334 pages) 311 08$aPrint version: Avner, Rina The Kathisma Church and Monastery of Mary Theotokos on the Jerusalem - Bethlehem Road Jerusalem : Israel Antiquities Authority,c2022 9789654067539 327 $aFront Matter -- Contents -- Abbreviations -- Preface -- Chapter 1: Introduction -- Chapter 2: The Octagonal Church-Architecture and Stratigraphy -- Chapter 3: The Entrance Atria and the Monastery-Architeture and Stratigraphy -- Chapter 4: The Mosaic Floors -- Chapter 5: The Inscriptions -- Chapter 6: Architectural Elements and Liturgical Furniture -- Chapter 7: The Coins -- Chapter 8: The Pottery -- Chapter 9: The Glass Finds -- Chapter 10: The Kathisma Church in Its Historical Context in the Early Islamic Period -- Chapter 11: Summary and Discussion -- References -- Appendix 1: A Rhodian Stamped Amphora Handle from Kathisma -- Appendix 2: List of Selected Loci and Walls -- List of IAA Reports. 330 $aThis volume documents the excavations of the Kathisma church and monastery located on the ancient road from Jerusalem to Bethlehem. Kathisma is mentioned in Byzantine sources and pilgrimage itineraries, and identified as the holy place where Mary sat down to rest in her final stage of pregnancy before giving birth to Jesus. It played a role in the initial stages of Mary's worship and its influence is still felt today.The octagonal church, built in the fifth century CE, is one of the most important discoveries of Early Christian architecture in the Holy Land in recent decades. The size of the church and its architectural plan, based on three concentric octagons, attest to it being designed as a pilgrimage church that could accommodate large audiences. In the Umayyad period, the church served both Muslim and Christian worshippers, as indicated by a mi?rab installed in the southern part, and the cancelation of the main apse by an Umayyad building. The splendid mosaics from this period in the southern rooms testify to artistic and iconographic influences of the wall mosaics in the Dome of the Rock. The evidence for the existence of a mosque in the Kathisma church constitutes the only archaeological evidence known to date for the 'Covenants of 'Umar', which obliged Christians to relinquish areas in churches to Muslims. 606 $aAntiquities 615 0$aAntiquities. 676 $a933.4 700 $aAvner$b Rina$01450338 701 $aAU$01450339 801 0$bMiAaPQ 801 1$bMiAaPQ 801 2$bMiAaPQ 906 $aBOOK 912 $a9910765441503321 996 $aThe Kathisma Church and Monastery of Mary Theotokos on the Jerusalem - Bethlehem Road$93649509 997 $aUNINA